000 00272nam a22001097a 4500
005 20230724164356.0
008 230724b |||||||| |||| 00| 0 eng d
022 _a0972-9259
245 _aTHE IUP JOURNAL OF BUSINESS STRATEGY
260 _bIUP PUBLICATION
_c2023
942 _cJRL
999 _c8328
_d8326